ბათუმის შოთა რუსთაველის სახელმწიფო უნივერსიტეტის ბიბლიოთეკა

Vision and the brain : (ბიბ.ჩანაწერი № 57918)

000 -LEADER
fixed length control field 01111cam a2200241 i 4500
001 - CONTROL NUMBER
control field 18520387
005 - DATE AND TIME OF LATEST TRANSACTION
control field 20221107115655.0
008 - FIXED-LENGTH DATA ELEMENTS--GENERAL INFORMATION
fixed length control field 150309s20152015nyua b 001 0 eng
020 ## - INTERNATIONAL STANDARD BOOK NUMBER
International Standard Book Number 9780891286394 X
041 ## - LANGUAGE CODE
Language code of text/sound track or separate title eng
080 ## - UNIVERSAL DECIMAL CLASSIFICATION NUMBER
Universal Decimal Classification number 616.831-009.11-053.2 V-75
245 00 - TITLE STATEMENT
Title Vision and the brain :
Remainder of title understanding cerebral visual impairment in children /
Statement of responsibility, etc. Amanda Hall Lueck and Gordon N. Dutton, editors.
264 #1 - PRODUCTION, PUBLICATION, DISTRIBUTION, MANUFACTURE, AND COPYRIGHT NOTICE
Place of production, publication, distribution, manufacture New York, NY :
Name of producer, publisher, distributor, manufacturer AFB Press,
Date of production, publication, distribution, manufacture, or copyright notice 2015.
300 ## - PHYSICAL DESCRIPTION
Extent 697 pages :
Other physical details illustrations ;
Dimensions 26 cm.
650 #0 - SUBJECT ADDED ENTRY--TOPICAL TERM
Topical term or geographic name entry element Pediatric neuroophthalmology.
9 (RLIN) 10942
653 ## - INDEX TERM--UNCONTROLLED
keyword მხედველობა და და ტვინი
653 ## - INDEX TERM--UNCONTROLLED
keyword ბავშვებში მხედველობის დარღვევები
653 ## - INDEX TERM--UNCONTROLLED
keyword მედიცინა
700 1# - ADDED ENTRY--PERSONAL NAME
Personal name Lueck, Amanda Hall,
Dates associated with a name 1949-
Relator term რედაქტორი
9 (RLIN) 10943
700 1# - ADDED ENTRY--PERSONAL NAME
Personal name Dutton, Gordon.
Relator term რედაქტორი
9 (RLIN) 10944
776 08 - ADDITIONAL PHYSICAL FORM ENTRY
Relationship information Online version:
Title Vision and the brain
Place, publisher, and date of publication New York, NY : AFB Press, American Foundation for the Blind, [2015]
International Standard Book Number 9780891286424
Record control number (DLC) 2015009946
942 ## - ADDED ENTRY ELEMENTS (KOHA)
Source of classification or shelving scheme
Koha item type წიგნი
ეგზემპლარები
Withdrawn status Lost status Source of classification or shelving scheme Damaged status Not for loan Permanent Location Current Location Shelving location Date acquired Cost, normal purchase price Full call number Barcode Date last seen Copy number Price effective from Koha item type Public note
          ბათუმის შოთა რუსთაველის სახელმწიფო უნივერსიტეტის მთავარი ბიბლიოთეკა ბათუმის შოთა რუსთაველის სახელმწიფო უნივერსიტეტის მთავარი ბიბლიოთეკა წიგნსაცავი 2021-03-31 336.00 616.831-009.11-053.2 V-75 61279 2021-03-31 61279 2021-03-31 წიგნი 336 ლ.
          ბათუმის შოთა რუსთაველის სახელმწიფო უნივერსიტეტის მთავარი ბიბლიოთეკა ბათუმის შოთა რუსთაველის სახელმწიფო უნივერსიტეტის მთავარი ბიბლიოთეკა წიგნსაცავი 2021-03-31 336.00 616.831-009.11-053.2 V-75 61280 2021-03-31 61280 2021-03-31 წიგნი 336 ლ.